01600nam a2200349 a 4500001001200000003000800012006001900020007001500039008004100054020001800095020001500113040002100128035002100149050002500170110003300195245017100228260005700399300003800456500009200494504004100586533015200627650003500779650003400814650003500848655002900883700002000912710006600932710009000998710001701088856012601105999001901231ebr10439394CaPaEBRm u cr cn|||||||||110114s2010 dcua sb 100 0 eng d z9780309159319 z0309159318 aCaPaEBRcCaPaEBR a(OCoLC)70152392914aRM146.7b.I57 2010eb2 aInstitute of Medicine (U.S.)14aThe Safe Use Initiative and health literacyh[electronic resource] :bworkshop summary /cCori Vancheri, Rapporteur ; Institute of Medicine of the National Academies. aWashington, D.C. :bNational Academies Press,c2010. axvi, 73 p. :bill. (chiefly col.) a"Roundtable on Health Literacy, Board on Population Health and Public Health Practice." aIncludes bibliographical references. aElectronic reproduction.bPalo Alto, Calif. :cebrary,d2011.nAvailable via World Wide Web.nAccess may be limited to ebrary affiliated libraries. 0aMedication errorsvCongresses. 0aHealth educationvCongresses. 0aPatient educationvCongresses. 7aElectronic books.2local1 aVancheri, Cori.2 aInstitute of Medicine (U.S.).bRoundtable on Health Literacy.2 aInstitute of Medicine (U.S.).bBoard on Population Health and Public Health Practice.2 aebrary, Inc.40uhttp://site.ebrary.com/lib/rucke/Doc?id=10439394zAn electronic book accessible through the World Wide Web; click to view c243909d243909